000 00220nam a22000857a 4500
008 160708b xxu||||| |||| 00| 0 eng d
100 _92448
_a Ivanov, S
245 _aA Book of Boats and Ships
260 _aMoscow
_b Malysh
_c1982
999 _c2119
_d2119